| 000 | 00837nam a22002297a 4500 | ||
|---|---|---|---|
| 005 | 20170411121147.0 | ||
| 020 |
_a9789350358566 _c725.00 |
||
| 035 | _aB-667605 | ||
| 037 |
_bKBD _adpl |
||
| 082 | _a000 | ||
| 100 | _aRashid M.A. | ||
| 245 |
_aUltimate guide to the LLB entrance examination 2017 / _cM.A. Rashid [and] Nisa fasil |
||
| 250 | _a9th ed. | ||
| 260 |
_aGurgaon _bLexisNexis _c2017 |
||
| 270 |
_a14th Floor,Building No-10,Tower-B,DLF Cyber City, Phase-II _bGurgaon _e122002 |
||
| 300 |
_axxviii,1043p. _c24cm(pbk) |
||
| 490 | _aBest choice for CLAT | ||
| 500 | _aIncludes index | ||
| 700 | _aNisa Fasil | ||
| 942 |
_2ddc _cEN _mRAS _h000 |
||
| 999 |
_c138756 _d138756 |
||